No somos héroes : (Record no. 193551)

MARC details
000 -LEADER
campo de control de longitud fija 01471nam a2200337 i 4500
001 - NÚMERO DE CONTROL
campo de control 193551
003 - IDENTIFICADOR DE NÚMERO DE CONTROL
campo de control ES-MaACL
005 - FECHA Y HORA DE LA ÚLTIMA TRANSACCIÓN
campo de control 20260212152953.0
007 - CAMPO FIJO DE DESCRIPCIÓN FÍSICA--INFORMACIÓN GENERAL
campo de control de longitud fija ta
008 - DATOS DE LONGITUD FIJA--INFORMACIÓN GENERAL
campo de control de longitud fija 240105s2023 sp ||||| |||| 000 0 spa d
017 ## - NÚMERO DE COPYRIGHT O DE DEPÓSITO LEGAL
Número de copyright o de depósito legal MU 458-2023
Agencia que asigna Oficina Depósito Legal Murcia
020 ## - NÚMERO INTERNACIONAL ESTÁNDAR DEL LIBRO
Número Internacional Estándar del Libro 978-84-126141-6-9
040 ## - FUENTE DE CATALOGACIÓN
Centro catalogador/agencia de origen ES-MaACL
Lengua de catalogación spa
Centro/agencia transcriptor ES-MaACL
Normas de descripción rda
100 ## - ENTRADA PRINCIPAL--NOMBRE DE PERSONA
Nombre de persona Sánchez Pérez, Raúl
9 (RLIN) 234851
Término indicativo de función/relación Autor
Relación aut
245 10 - MENCIÓN DEL TÍTULO
Título No somos héroes :
Resto del título recuerdos y vivencias de un cirujano cardíaco en tiempos de pandemia /
Mención de responsabilidad, etc. Raúl Sánchez Pérez
250 ## - MENCION DE EDICION
Mención de edición 1ª edición: junio de 2023
264 #1 - PRODUCCIÓN, PUBLICACIÓN, DISTRIBUCIÓN, FABRICACIÓN Y COPYRIGHT
Producción, publicación, distribución, fabricación y copyright [Murcia] :
Nombre del de productor, editor, distribuidor, fabricante Gollarín,
Fecha de producción, publicación, distribución, fabricación o copyright 2023
300 ## - DESCRIPCIÓN FÍSICA
Extensión 284 páginas ;
Dimensiones 23 cm
490 1# - MENCIÓN DE SERIE
Mención de serie Colección Bigornia
500 ## - NOTA GENERAL
Nota general Ejemplares dedicados y firmados por el autor y el editor
650 #7 - PUNTO DE ACCESO ADICIONAL DE MATERIA--TÉRMINO DE MATERIA
9 (RLIN) 234548
Término de materia o nombre geográfico como elemento de entrada Pandemia de la Covid-19, 2020-
830 ## - PUNTO DE ACCESO ADICIONAL DE SERIE-TÍTULO UNIFORME
Título uniforme Colección Bigornia
9 (RLIN) 234994
852 ## - LOCALIZACIÓN
Ubicación ES-MaACL
Sublocalización o colección R.154977
Ubicación en estantería Depósito J
Número de control de estantería N-9648
Donativo/Legado Donación: Paco Marín
Encuadernación Encuadernación rústica con solapas
itemnumber 201148
Anotaciones manuscritas Dedicatoria autógrafa del editor
852 ## - LOCALIZACIÓN
Ubicación ES-MaACL
Ubicación en estantería Depósito 1
Número de control de estantería A-15934
Donativo/Legado Donación: Raúl Sánchez Pérez
Encuadernación Encuadernación rústica con solapas
itemnumber 206919
Anotaciones manuscritas Dedicatoria autógrafa del autor
903 ## - NOMBRE PERSONAL DE DONANTE
a Marín, Francisco
e Donante
942 ## - ELEMENTOS DE ENTRADA SECUNDARIOS (KOHA)
Suprimir en OPAC No
Tipo de ítem Koha Libro impreso
Holdings
Estatus retirado Estado de pérdida Fuente del sistema de clasificación o colocación Estado de daño No para préstamo Colección Biblioteca de origen Biblioteca actual Ubicación en estantería Fecha de adquisición Fuente de adquisición Total de préstamos Signatura topográfica completa Código de barras Visto por última vez Precio de reemplazo Tipo de ítem Koha Nota pública
    Clasificación decimal universal     Libros con dedicatorias Biblioteca del Ateneo de Madrid Biblioteca del Ateneo de Madrid Depósito J 01/12/2023 Donación   N-9648 101206628 31/01/2024 31/01/2024 Libro impreso Dedicatoria autógrafa del editor
    Clasificación decimal universal     Libros con dedicatorias Biblioteca del Ateneo de Madrid Biblioteca del Ateneo de Madrid Depósito 1 08/11/2023 Donación   A-15934 2025-1284 14/11/2025 14/11/2025 Libro impreso Dedicatoria autógrafa del autor